LEADER 00981nam0-22003251i-450- 001 990003092560403321 035 $a000309256 035 $aFED01000309256 035 $a(Aleph)000309256FED01 035 $a000309256 100 $a20000920d1919----km-y0itay50------ba 101 0 $aita 102 $aIT 200 1 $a<>History of Trade Unionism, 166-1920$ePrinted by the Authors of the Workers' Educational Association. Christmas 1919$fSidney and Beatrice Webb. 210 $aEdinburgh$cR.& R.$d1919. 215 $aXV, 784 p.$d20 cm 300 $a[Ed.orig.: 1894] 676 $aE/4.1 676 $aE/5 676 $aG/2.43 700 1$aWebb,$bBeatrice Potter$f<1858-1943>$0304217 701 1$aWebb,$bSidney J.$f<1859-1947>$0375109 801 0$aIT$bUNINA$gRICA$2UNIMARC 901 $aBK 912 $a990003092560403321 952 $aG/2.43 WEB$b7537$fSES 959 $aSES 996 $aHistory of Trade Unionism, 166-1920$9459021 997 $aUNINA DB $aING01